| 000 | 00371nam a2200145Ia 4500 | ||
|---|---|---|---|
| 008 | 230917s9999||||xx |||||||||||||| ||und|| | ||
| 040 |
_e255813 _aMAIN |
||
| 041 | _aEnglish | ||
| 082 | _a005.1 S23S | ||
| 100 | _aSharma, Meenakshi | ||
| 245 | 0 | _aStudy and design of object oriented and component based metrics | |
| 260 | _c2018 | ||
| 300 | _axi, 192 p. | ||
| 942 | _cTH | ||
| 999 |
_c128335 _d128335 |
||